Instructor's manual to accompany introduction to business statistics : a computer integrated approach
Saved in:
| Main Author: | |
|---|---|
| Other Authors: | , |
| Format: | Book |
| Language: | English |
| Published: |
New York, Los Angeles :
West Publishing Company,
c1986
|
| Subjects: | |
| Tags: |
Add Tag
No Tags, Be the first to tag this record!
|
MARC
| LEADER | 00000nam a2200000 i 4500 | ||
|---|---|---|---|
| 001 | 1/44013 | ||
| 008 | 961107s1986 eng d | ||
| 020 | |a 0-314-96638-2 | ||
| 035 | |l 10025888 | ||
| 040 | |a GR-MY-UA |b gre |e aacr | ||
| 041 | 0 | |a eng | |
| 082 | 0 | |a 519.502465 | |
| 100 | 1 | |a Kvanli, Alan H. | |
| 245 | 1 | 0 | |a Instructor's manual to accompany introduction to business statistics : |b a computer integrated approach / |c A.H. Kvanli, Carl S. Guynes, Robert J. Pavur |
| 260 | |a New York, Los Angeles : |b West Publishing Company, |c c1986 | ||
| 300 | |a 423 p. | ||
| 650 | 0 | 0 | |a Statistics |x Business. |
| 700 | 1 | |a Guynes, Carl S. | |
| 700 | 1 | |a Pavur, Robert J. | |
| 852 | |a INST |b CHIOS |e 19961107 |h 519.502465 KVA |p 005200010524 |q 005200010524 |t BK |y 0 | ||
| 909 | |a Χ |b 013290 | ||